Membres d'un groupe - Statistiques

Statistiques générales
  • Ce quiz a été pris 77 fois
  • Le résultat moyen est 9 sur 31
Statistiques - réponses
Hint Réponse % Correct
Jimi Hendrix, Kurt Cobain, Janis Joplin, Amy Winehouse... Club des 27
70%
Pyramides de Gizeh, Statue de Zeus,Temple d'Artémis, Colosse de Rhodes... 7 Merveilles du monde antique
63%
Le Caire, Wellington,Ottawa, Dublin... Capitales
62%
Psykokwak, Miaouss,Massko, Libégon... Pokémon
46%
Lincoln, Roosevelt,Grant, Bush... Présidents des USA
41%
Allemagne, Grèce,Roumanie, Irlande... Union Européenne
41%
Kangourou, Koala,Wombat, Opossum... Marsupiaux
40%
J-Hope, Suga,RM, Jimin... BTS
37%
Sanji, Robin,Franky, Usopp... Equipage du chapeau de paille (One Piece)
37%
Un Nouvel Espoir, La Menace Fantôme,Le Réveil de la Force, L'Empire contre-attaque... Films Star Wars
37%
Le Prince de Sang-Mêlé, La Coupe de Feu,La Chambre des Secrets, L'Ordre du Phénix... Livres Harry Potter
37%
Parasauroluphus, Argentinosaurus,Spinosaurus, Ankylosaurus... Dinosaures
35%
Commode, Constantin,Caligula, Romulus Augustule... Empereurs romains
35%
NES, 64,New Nintendo 3DS, WiiU... Consoles Nintendo
33%
Akira Toriyama, Masashi Kishimoto,Hajime Isayama, Kosaku Anakubo... Mangakas
29%
Artémis, Poséidon,Athéna, Hermès... Douze Olympiens (mythologie grecque)
27%
Corée, Punique,Péloponnèse, Golfe... Guerres
27%
Emeraude, Lune,Argent, Vert feuille... Jeux Pokémon
24%
Sol, Poison,Acier, Ténèbres... Types de Pokémon
24%
Laos, Taiwan,Malaisie, Philippines... Pays d'Asie
22%
Capitole,Quirinal,Palatin, Viminal... Collines de Rome
21%
Sam, Bronn,Jorah, Margaery... Personnages de Game of Thrones
16%
Erato, Uranie,Clio, Terpsichore... Muses (mythologie grecque)
14%
Sheik, Terry,Skull Kid, Epona... Personnages de Zelda
14%
TTMC, Dixit,Skull, Tokyo Highway... Jeux de société
13%
Rock Leone, Phantom Orion,Flame Libra, Vulcain Horuseus... Toupies Beyblade
13%
Nobunaga, Uvo,Phinks, Machi... Brigade fantôme (Hunter X Hunter)
11%
Rock Lee, Hinata,Gai, Ino... Ninjas de Konoha (Naruto)
10%
Poképark, Lego Harry Potter,Rayman Legends, WarioWare... Jeux Wii
6%
Grey, Luxus,Makarof, Gildarts... Mages de Fairy Tail (Fairy Tail)
6%
Tenshinhan, Krillin,Piccolo, Tortue Géniale... Guerriers Z (Dragon Ball Z)
5%
Aucun quiz correspondant
Distribution des résultats
% des personnes avec chaque résultat
Percentile par nombre de réponses
Votre historique - résultats
Vous n’avez pas pris ce quiz